000 00972nam a22001817a 4500
003 OSt
005 20251216091952.0
008 251216b |||||||| |||| 00| 0 eng d
040 _cDCL
082 _a၂၉၄.၃၈၂၄
100 0 _aသောတုဇန၊ တက္ကသိုလ်-
245 1 0 _aဗုဒ္ဓအဘိဓမ္မာနှင့် ကမ္ဘ့ငြိမ်းချမ်းရေး /
_cတက္ကသိုလ် သောတုဇန၊ စီစဉ်ပူဇော်သူ မောင်ချစ်ညို(ပဲခူး)။
260 _aရန်ကုန် ၊
_bဇင်ရတနာဇောစာပေ၊
_c၂၀၀၃။
300 _a၁၄၉ စာမျက်နှာ ၊
_c၁၈ စင်တီ။
650 _aအဘိဓမ္မာ။
700 _aမောင်ချစ်ညို(ပဲခူး)
_eစီစဉ်ပူဇော်သူ
942 _2ddc
_cSHORT TERM
_n0
999 _c2726
_d2726